Sociálno - zdravotná starostlivosť o pacienta v oblasti sociálneho zabezpečenia

Analýza miery stavu sebestačnosti klientov po prepustení z nemocničného zariadenia po operačnom zákroku. Zistenia podporujú tézu o potrebe zavedenia novej formy sociálno-zdravotnej starostlivosti pre klientov, ktorí sú na takúto formu asistencie odkázaní.

Gespeichert in:
Bibliographische Detailangaben
1. Verfasser: Mačkinová, Monika
Weitere Verfasser: Kopinec, Pavol
Format: Buchkapitel
Sprache:Slowakisch
Schlagworte:
Tags: Tag hinzufügen
Keine Tags, Fügen Sie das erste Tag hinzu!

MARC

LEADER 00000naa a2200000 4500
001 0257553
005 20230313094345.4
041 0 |a slo 
044 |a SK 
245 1 0 |a Sociálno - zdravotná starostlivosť o pacienta v oblasti sociálneho zabezpečenia  |c Monika Mačkinová, Pavol Kopinec 
520 |a Analýza miery stavu sebestačnosti klientov po prepustení z nemocničného zariadenia po operačnom zákroku. Zistenia podporujú tézu o potrebe zavedenia novej formy sociálno-zdravotnej starostlivosti pre klientov, ktorí sú na takúto formu asistencie odkázaní. 
610 2 0 |a starostlivosť zdravotná 
610 2 0 |a politika sociálna 
610 2 0 |a zabezpečenie sociálne 
610 2 0 |a legislatíva 
610 2 0 |a zariadenia starostlivosti sociálnej 
610 2 0 |a systémy starostlivosti zdravotnej 
610 2 0 |a zariadenia zdravotnícke 
610 2 0 |a služby starostlivosti sociálnej 
610 2 0 |a pacienti 
100 1 |a Mačkinová, Monika 
700 1 |a Kopinec, Pavol